• 首页
  • 本馆介绍
  • 公告通知
  • 最新文献
  • 馆藏检索
  • 电子资源
  • 读者导购
  • 参考咨询
  • 我的图书馆
  • 登录
  • 详细信息显示
  • 放入我的书架
  • 预约/预借图书
  • 作者相关作品
  • 分类相关作品
  • 丛书相关作品
  • 出版社相关作品

书目信息

  • 表格格式
  • 工作单格式
  • 卡片格式
题名:
液晶显示技术
    
 
作者: 孙士祥 主编
分册:  
出版信息: 北京   化学工业出版社  2013.3
页数: 241页
开本: 26cm
丛书名:
单 册:
中图分类: TN141.905
科图分类:
主题词: 液晶显示器
电子资源:
ISBN: 978-7-122-13369-4
000 00823nam0 2200241 450
001 311958
005 20130606163356.03
010    @a978-7-122-13369-4@dCNY35.00
100    @a20130606d2013 em y0chiy0121 ea
101 0  @achi
102    @aCN@b110000
105    @aak a 000yy
106    @ar
200 1  @a液晶显示技术@AYe Jing Xian Shi Ji Shu@f孙士祥主编@FSun Shi Xiang Zhu Bian
210    @a北京@c化学工业出版社@d2013.3
215    @a241页@c图@d26cm
320    @a有书目 (第241页)
330    @a本书在仔细分析了相关岗位涉及的知识内容的基础上, 分为三部分。第一部分为无源液晶显示面板的制造,第二部分是有源TFT-LCD液晶显示面板制,第三部分是液晶面板设计。
606 0  @a液晶显示器
690    @aTN141.905@v5
701  0 @a孙士祥@ASun Shi Xiang@4主编
801    @aCN@bTANGWEI@c20130523
905    @b0836198-201@dTN141.905@e20@f4
    
    液晶显示技术/孙士祥主编.-北京:化学工业出版社,2013.3
    241页:图;26cm
    
    
    ISBN 978-7-122-13369-4:CNY35.00
    本书在仔细分析了相关岗位涉及的知识内容的基础上, 分为三部分。第一部分为无源液晶显示面板的制造,第二部分是有源TFT-LCD液晶显示面板制,第三部分是液晶面板设计。
●
相关链接 在E读中查询图书 在五车中查询图书 在当当中查询图书 在豆瓣中查询图书


正题名:液晶显示技术     索取号:TN141.905/20         预约/预借

序号 登录号 条形码 馆藏地/架位号 状态 备注
1 0836198   208361985   第二样本阅览室/ [索取号:TN141.905/20] 在馆    
2 0836199   208361994   第三借阅区/ [索取号:TN141.905/20] 在馆    
3 0836200   208362001   第三借阅区/ [索取号:TN141.905/20] 在馆    
4 0836201   208362010   密集书库-数信学院/ [索取号:TN141.905/20] 在馆    
唐山师范学院图书馆 欢迎您!
大连网信软件有限公司© 版权所有